Countries by Coat of Arms #5 - Statistics

General Stats
  • This quiz has been taken 38 times
    37 since last reset
  • The average score is 12 of 15
Answer Stats
Picture Answer % Correct
Austria
100%
Croatia
93%
San Marino
93%
Morocco
90%
Belgium
87%
Slovenia
87%
Bahrain
83%
Hungary
83%
Pakistan
77%
Turkmenistan
77%
Oman
73%
Norway
67%
Fiji
63%
Uganda
63%
Brunei
60%
No matching quizzes found
Score Distribution
Percent of People with Each Score
Percentile by Number Answered
Your Score History
You have not taken this quiz since the last reset